000
00337nam a22001457a 4500
999
_c
8846
_d
8846
003
OSt
008
200711b ||||| |||| 00| 0 eng d
100
_a
Gokhale , S.B
245
_a
Pharmacognosy and Phytochemistry-1
250
_a
2019
260
_a
New Delhi
_b
Nirali
300
_a
11.51
650
_a
Pharmacognosy
942
_2
ddc
_c
BK
_0
3